000 01324nam a22003737a 4500
003 CHAP
005 20220329135747.0
008 971013s1975 r 00010 d
010 _a41627
011 _a42599
035 _a46728
040 _cCHAP
090 _aTesis
100 0 0 _aMuñoz Orozco, Abel.
_979649
245 _aRelaciones agua-planta bajo sequía en varios sintéticos de maíz resistentes a sequía y heladas
260 _aChapingo, Méx. :
_bEl autor,
_c1975
300 _a111 h.
_b; gráfs
502 _aTesis (Doctor en Ciencias. Esp. en Genética) -- ENA. Colegio de Postgraduados. Rama de Genética
590 _aALEPH
_b10
_c20130110
_lUCH01
_h1310
590 _aBATCH-UPD
_b10
_c20130110
_lUCH01
_h1128
590 _aBATCH-UPD
_b10
_c20130410
_lUCH01
_h0717
590 _aBATCH-UPD
_b10
_c20130914
_lUCH01
_h1119
590 _aCONVERSION
_b10
_c20130109
_lUCH01
_h1323
650 1 4 _aCultivos
_xAgua requerida.
_930224
650 1 4 _aHeladas
_xEfecto en maíz.
_953400
650 1 4 _aMaíz
_xVariedades.
_971081
650 1 4 _aPlantas
_xResistencia a sequía.
_988886
901 _aBK
942 _cFOLL
949 _bBC
_cTES
_d-106479
_eTS1
_i46728
_si
949 _bBC
_cTES
_d-106480
_eTS2
_fc.2
_i46728
_si
949 _bBC
_cTES
_d-106481
_eTS2
_fc.3
_i46728
_si
949 _bBC
_cTES
_d-106482
_eTS2
_fc.4
_i46728
_si
999 _c41627
_d41627